Memoria del Foro Familia y Juventud /

I tiakina i:
Ngā taipitopito rārangi puna kōrero
Kaituhi rangatōpū: Foro Familia y Juventud ( Universidad Autónoma del Estado de México)
Ētahi atu kaituhi: Barneveld, Hans Oudhof van (compilación) (compilación), Morales Euzárraga, Manuel de Jesús (compilación) (compilación), Troche Hernández, Pedro (compilación) (compilación), Ramírez Martínez, Rosa Maria (presentación) (presentación)
Hōputu: Mauhanga Hui Pukapuka
Reo:Pāniora
I whakaputaina: Toluca, México : Universidad Autónoma del Estado de México, 2005, c2005
Ngā marau:
Ngā Tūtohu: Tāpirihia he Tūtohu
Kāore He Tūtohu, Me noho koe te mea tuatahi ki te tūtohu i tēnei pūkete!

MARC

LEADER 00000nam^a2200000^a^4500
001 000187099
005 20250521000000.0
009 20260310102250.862
020 |a 968-035-870-4 
037 |a Acervo ITESO - Biblioteca 
041 |a ESP 
082 |a 305. 235  |b FOR 2003 
111 |a Foro Familia y Juventud (  |d 2003 :  |c Universidad Autónoma del Estado de México) 
245 1 0 |a Memoria del Foro Familia y Juventud /  |c Comp. de H.O. van Barneveld, M.J. Morales Euzárraga, P. Troche Hernández ; presen. de R.M. Ramírez Martínez. 
264 4 |a Toluca, México :  |b Universidad Autónoma del Estado de México,  |c 2005, c2005 
300 |a 62 p. 
336 |a texto  |b txt  |2 rdacontenido 
337 |a sin mediación  |b n  |2 rdamedio 
338 |a volumen  |b nc  |2 rdasoporte 
649 |a XX 
650 |a Adolescentes -  |z México -  |x Condiciones Sociales y Culturales 
650 |a Jóvenes -  |x Condiciones Sociales y Culturales 
650 |a Familia -  |x Condiciones Sociales y Culturales 
650 |a Conducta Antisocial -  |z México 
650 |a Delincuencia Juvenil -  |z México 
650 |a Roles -  |z México 
650 |a Pertenencia Social -  |z México 
650 |a Socialización -  |z México 
650 |a Grupos Sociales -  |z México 
650 |a Cambios Sociales y Culturales -  |z México 
650 |a Problemas Sociales -  |z México 
650 |a Relaciones Familiares -  |x Congresos 
650 |a Interacción Social -  |x Congresos 
650 |a Psicología Social 
650 |a Sociología 
700 |a Barneveld, Hans Oudhof van  |e (compilación) 
700 |a Morales Euzárraga, Manuel de Jesús  |e (compilación) 
700 |a Troche Hernández, Pedro  |e (compilación) 
700 |a Ramírez Martínez, Rosa Maria  |e (presentación) 
910 |a Fondo General 
920 |a Impresos - Libros 
930 |a Colección General 
905 |a 101 
901 |a 0500128973  |b IT1  |c ACC  |u 20250521 
902 |a https://opac.biblio.iteso.mx/vufind/Record/000187099